[Event "Yuzhny FO-ch op"]
[Site "Armavir"]
[Date "2015.02.??"]
[Round "2"]
[White "Panteleev, Yury"]
[Black "Levchuk, Ivan"]
[Result "1-0"]
[WhiteElo "2258"]
[BlackElo "1955"]
[PlyCount "65"]
[EventDate "2015.02.13"]
[EventType "swiss"]
[EventRounds "9"]
[EventCountry "RUS"]
[SourceTitle "CBM 165 Extra"]
[Source "ChessBase"]
[SourceDate "2015.04.21"]
[SourceVersion "1"]
[SourceVersionDate "2015.04.21"]
[SourceQuality "1"]

1. e4 c5 2. Nf3 Nc6 3. d4 cxd4 4. Nxd4 g6 5. Nc3 Bg7 6. Be3 e6 7. a3 Nge7 8. Be2 0-0 9. 0-0 a6 10. Qd2 Re8 11. Rad1 Qc7 12. f4 b5 13. e5 Bb7 14. Bf3 Rad8 15. Nb3 Nf5 16. Bc5 h5 17. Qf2 Rc8 18. Bb6 Qb8 19. Rxd7 Bf8 20. Ne4 Re7 21. Nf6+ Kg7 22. Rfd1 Rxd7 23. Rxd7 Be7 24. Nc5 Bxc5 25. Bxc5 Nd8 26. Ne8+ Kg8 27. Nd6 Nxd6 28. exd6 Bxf3 29. gxf3 Rc6 30. Qd4 Qc8 31. Re7 e5 32. Re8+ Kh7 33. Qxe5 1-0

[Event "Yuzhny FO-ch op"]
[Site "Armavir"]
[Date "2015.02.??"]
[Round "4"]
[White "Pilyugin, Yury"]
[Black "Panteleev, Yury"]
[Result "1-0"]
[WhiteElo "1793"]
[BlackElo "2258"]
[PlyCount "87"]
[EventDate "2015.02.13"]
[EventType "swiss"]
[EventRounds "9"]
[EventCountry "RUS"]
[SourceTitle "CBM 165 Extra"]
[Source "ChessBase"]
[SourceDate "2015.04.21"]
[SourceVersion "1"]
[SourceVersionDate "2015.04.21"]
[SourceQuality "1"]

1. e4 e6 2. Nf3 d5 3. e5 a6 4. g3 c5 5. Bg2 Nc6 6. 0-0 Nge7 7. c3 c4 8. d4 cxd3 9. Qxd3 Ng6 10. Re1 Bc5 11. Nbd2 b5 12. Nb3 Bb6 13. Nbd4 Nge7 14. Bg5 Bb7 15. Nh4 Qc7 16. Bxe7 Nxe7 17. a3 Rc8 18. Rad1 0-0 19. h3 Qb8 20. Kh2 Rc4 21. Nhf3 Rfc8 22. Nd2 R4c5 23. f4 R5c7 24. N2f3 g6 25. h4 Qa7 26. Qe2 Rc4 27. Nd2 Ra4 28. N2f3 Nc6 29. Nc2 Re4 30. Qf1 Rxe1 31. Qxe1 a5 32. Ncd4 b4 33. Nb5 Qb8 34. Nd6 Rc7 35. axb4 axb4 36. cxb4 Ne7 37. Rc1 Nf5 38. Nxf5 gxf5 39. Qd1 h6 40. Rc3 Kh7 41. Nd4 Qa7 42. Nb5 Qb8 43. Nxc7 Bxc7 44. g4 1-0

[Event "Belorechensk Sarkisov Memorial op"]
[Site "Belorechensk"]
[Date "2012.05.26"]
[Round "4"]
[White "Panteleev, Yury"]
[Black "Kvanin, Georgy"]
[Result "0-1"]
[WhiteElo "2258"]
[BlackElo "1951"]
[PlyCount "90"]
[EventDate "2012.05.23"]
[EventType "swiss"]
[EventRounds "9"]
[EventCountry "RUS"]
[SourceTitle "CBM 148 Extra"]
[Source "ChessBase"]
[SourceDate "2012.06.22"]
[SourceVersion "1"]
[SourceVersionDate "2012.06.22"]
[SourceQuality "1"]

1. d4 Nf6 2. c4 g6 3. Nc3 Bg7 4. e4 d6 5. h3 0-0 6. f4 e5 7. dxe5 dxe5 8. Qxd8 Rxd8 9. fxe5 Nh5 10. Nf3 Nc6 11. g4 Ng3 12. Rg1 Nxf1 13. Rxf1 Nxe5 14. Nxe5 Bxe5 15. Nd5 Be6 16. Bg5 Rd7 17. Rd1 Bxd5 18. Rxd5 Rxd5 19. cxd5 Re8 20. Kd2 Kg7 21. Kd3 f6 22. Bd2 b6 23. b3 g5 24. a4 Kg6 25. Rc1 h5 26. a5 hxg4 27. hxg4 Rh8 28. axb6 axb6 29. Rg1 Rh3+ 30. Kc4 b5+ 31. Kxb5 Rxb3+ 32. Kc4 Ra3 33. Rg2 Ra4+ 34. Kd3 Kf7 35. Rg1 Rd4+ 36. Ke3 Ra4 37. Kf3 Ke7 38. Be3 Kd6 39. Rc1 Ra3 40. Rc6+ Kd7 41. Rc1 Rxe3+ 42. Kxe3 Bf4+ 43. Kd4 Bxc1 44. e5 Bb2+ 45. Ke4 Bxe5 0-1

[Event "Eisk Azovskie Zori op"]
[Site "Eisk"]
[Date "2011.06.05"]
[Round "1"]
[White "Grigoriev, Igor"]
[Black "Panteleev, Yury"]
[Result "1-0"]
[WhiteElo "2007"]
[BlackElo "2258"]
[PlyCount "77"]
[EventDate "2011.06.05"]
[EventType "swiss"]
[EventRounds "9"]
[EventCountry "RUS"]
[SourceTitle "EXT 2012"]
[Source "ChessBase"]
[SourceDate "2011.11.24"]
[SourceVersion "1"]
[SourceVersionDate "2011.11.24"]
[SourceQuality "1"]

1. e4 e5 2. Nf3 d6 3. d4 exd4 4. Nxd4 g6 5. Nc3 Bg7 6. Bc4 a6 7. 0-0 Ne7 8. Bg5 h6 9. Be3 Nbc6 10. Qd2 Ne5 11. Be2 b5 12. f4 c5 13. Ndxb5 axb5 14. fxe5 Bxe5 15. Bxb5+ Bd7 16. Bxd7+ Qxd7 17. Nd5 Nxd5 18. Qxd5 Rb8 19. Rab1 g5 20. c3 0-0 21. Bxc5 Rb5 22. b4 Bxc3 23. Qxd6 Qxd6 24. Bxd6 Re8 25. e5 Bd4+ 26. Kh1 Bxe5 27. a4 Rd5 28. Bxe5 Rdxe5 29. b5 Ra8 30. b6 Rea5 31. b7 Rb8 32. Rfc1 Rxb7 33. Rxb7 Rxa4 34. Rf1 Rf4 35. Rxf4 gxf4 36. Kg1 Kg7 37. Kf2 Kg6 38. Kf3 h5 39. h4 1-0